• 首页
  • 本馆介绍
  • 公告通知
  • 最新文献
  • 馆藏检索
  • 电子资源
  • 读者导购
  • 参考咨询
  • 我的图书馆
  • 登录
  • 详细信息显示
  • 放入我的书架
  • 预约/预借图书
  • 作者相关作品
  • 分类相关作品
  • 丛书相关作品
  • 出版社相关作品

书目信息

  • 表格格式
  • 工作单格式
  • 卡片格式
题名:
砖瓦抹灰工
    
 
作者: 韩志景 编
分册: 二级工  
出版信息: 北京   中国建筑工业出版社  1981
页数: 89页
开本: 19cm
丛书名: 建筑工人应知丛书
单 册:
中图分类: TU754.2
科图分类:
主题词: 砖石工 , 瓦工
电子资源:
ISBN:
000 00681nam2 2200265 45
001 0181006720
005 20060801150115.35
010    @dCNY0.24
091    @a15040.4111
100    @a19950404d1981 em y0chiy0121 ea
101 0  @achi
102    @aCN@b110000
105    @ay z 000yy
200 10 @a砖瓦抹灰工@Azhuan wa mo hui gong@h二级工@f韩志景编
210    @a北京@c中国建筑工业出版社@d1981
215    @a89页@d19cm
225 2  @a建筑工人应知丛书
410  0 @120010@a建筑工人应知丛书
606    @a砖石工
606    @a瓦工
690    @aTU754.2@v3
701  0 @a韩志景@Ahan zhi jing@4编
801  2 @aCN@bNLC@c20060801
801  0 @aCN@bTSSF
905    @a10447@dTU754.2@e255
    
    砖瓦抹灰工.二级工/韩志景编.-北京:中国建筑工业出版社,1981
    89页;19cm.-(建筑工人应知丛书)
    
    
    ISBN :CNY0.24
    
●
相关链接 在E读中查询图书 在五车中查询图书 在当当中查询图书 在豆瓣中查询图书


正题名:砖瓦抹灰工     索取号:TU754.2/255         预约/预借

序号 登录号 条形码 馆藏地/架位号 状态 备注
1 0439307   204393076   密集书库/ [索取号:TU754.2/255] 在馆    
2 0439308   204393085   密集书库/ [索取号:TU754.2/255] 在馆    
唐山师范学院图书馆 欢迎您!
大连网信软件有限公司© 版权所有